Statistics for 日高本線の駅

Click here to take the quiz!

General Stats

  • This quiz has been taken 30 times
  • The average score is 20 of 31

Answer Stats

自治体駅名% Correct
苫小牧市苫小牧駅
100%
むかわ町鵡川駅
100%
浦河町浦河駅
94%
様似町様似駅
94%
厚真町浜厚真駅
94%
新冠町新冠駅
88%
新ひだか町静内駅
82%
新ひだか町日高三石駅
82%
様似町西様似駅
76%
日高町日高門別駅
76%
苫小牧市勇払駅
76%
むかわ町浜田浦駅
71%
新冠町大狩部駅
71%
日高町富川駅
71%
新冠町節婦駅
65%
様似町鵜苫駅
65%
浦河町東町駅
59%
浦河町絵笛駅
59%
新ひだか町東静内駅
59%
むかわ町汐見駅
59%
日高町厚賀駅
59%
浦河町日高幌別駅
53%
新ひだか町日高東別駅
41%
新ひだか町本桐駅
41%
浦河町荻伏駅
41%
日高町清畠駅
41%
新ひだか町蓬栄駅
41%
新ひだか町春立駅
35%
日高町豊郷駅
29%
日高町(臨)フイハップ浜駅
29%
新ひだか町(臨)静内海水浴場駅
24%

Score Distribution

Percentile by Number Answered

Percent of People with Each Score

Your Score History

You have not taken this quiz